Filmes da Disney - Statistics

Estatísticas Gerais
  • Esse quiz foi jogado 2 246 vezes
  • A pontuação média é 9 de 15
Estatísticas das Respostas
Hint Resposta % Correto
A personagem principal têm de sair do baile á meia noite Cinderela
96%
A personagem principal é uma princesa do gelo Frozen
92%
A vilã chama - se Cruella 101 dálmatas
91%
O nariz da personagem principal cresce quando mente Pinóquio
86%
O namorado da personagem principal chama -se Ken Barbie
82%
A personagem principal é um elefante Dumbo
81%
A personagem principal caí num sono profundo A Bela Adormecida
79%
Tem uma fada chamada Sininho Peter Pan
77%
A personagem principal vive no fundo do mar Pequena Sereia
67%
As personagens principais partilham um prato de massa A Dama e o Vagabundo
62%
Tem 7 anões A Branca de Neve e os Sete Anões
57%
A personagem principal voa num tapete Aladim
49%
Contém a música Beauty and the Beast A Bela e o Monstro
11%
A personagem principal foi criada por lobos O Livro da Selva
11%
A personagem principal rouba aos ricos para dar aos pobres Robin dos bosques
7%
Nenhum quiz correspondente encontrado
Distribuição das Pontuações
Porcentagem de Pessoas com Cada Pontuação
Percentil de Números Respondidos
Sua Pontuação Histórica
Você não jogou esse quiz